000 00227 a2200121 4500
020 _a0763521590
020 _a9780763521592
041 _aspa
100 _aRigby
245 _aEl dia lluvioso
942 _cBK
999 _c29594
_d29592
999 _d29592